El arte de amar /

Guardado en:
Autor Principal: Ovidio
Formato: Libro
Publicado: Buenos Aires : Ferma, 1968
Series:Tiempo
Materias:
Etiquetas: Agregar Etiqueta
Sin Etiquetas, Sea el primero en etiquetar este registro!
LEADER 00590nam a22002055a 4500
001 CEM.cems004818
005 20060217000000.0
008 130507s1968##################000#0#####d
003 CEMS
082 0 4 |a 871 
100 1 |a Ovidio 
245 1 0 |a El arte de amar / 
260 |a Buenos Aires :  |b Ferma,  |c 1968 
300 |a 262 p. 
490 0 |a Tiempo 
505 0 |a El arte de amar.- Poemas er¢ticos.- Los amores.- El remedio del amor.- Los cosm'ticos.- 
653 |a Literatura 
653 |a Literatura latina 
653 |a Poesia latina 
859 |a CEMS  |b BIB. CEMS - 11 de abril  |h 871  |i Ov9-1  |p 15887.90  |t Ej.1